000 00466nam a2200157Ia 4500
005 20250417093354.0
008 231217s9999 xx 000 0 und d
020 _a9788131403006
082 _a338.888 JAY;1 R
100 _aJaya Krishna, S. Svudu, Anil Kumar ed.
245 0 _aMobile corporation : ushering the wireless advantage
260 _c2006
_bIcfai
_aHyderabad
300 _axiv, 396
650 _acorporation,ushering,wireless,advantage
942 _cAA
999 _c187433
_d187433